Statistiken für Fußball: Alle Spieler für Bayern München seit 2014

Klicken Sie hier um das Quiz zu spielen!

Allgemein

  • Dieses Quiz wurde 3.861 mal gespielt
    (49 seit der letzten Aktualisierung)
  • Das Durchschnittsergebnis liegt bei 54 aus 104

Antwortstatistiken

SpieleJahreNationalitätAntwort% Korrekt
345 2011 - DEU Manuel Neuer
100%
199 2015 - FRA Kingsley Coman
98%
473 2008 - DEU Thomas Müller
98%
135 2019 - CAN Alphonso Davies
95%
262 2015 - DEU Joshua Kimmich
95%
123 2020 - DEU Leroy Sané
95%
25 2023 - KOR Min-Jae Kim
95%
166 2018 - DEU Serge Gnabry
95%
2762011 - 2021AUTDavid Alaba
95%
2732007 - 2019FRAFranck Ribery
95%
2532014 - 2022POLRobert Lewandowski
95%
2012009 - 2019NEDArjen Robben
93%
2292011 - 2021DEUJerome Boateng
93%
742016 - 2019DEUMats Hummels
93%
3322005 - 2017DEUPhilipp Lahm
93%
88 2020 - KAM Eric Maxim Choupo-Moting
90%
154 2018 - DEU Leon Goretzka
90%
3422002 - 2015DEUBastian Schweinsteiger
88%
82 2021 - FRA Dayot Upamecano
88%
65 2015 - 2020, 2021 - DEU Sven Ulreich
88%
1502013 - 2020SPAThiago
88%
53 2022 - NED Matthijs de Ligt
83%
742019 - 2023FRALucas Hernandez
83%
792015 - 2018CHIArturo Vidal
80%
32 2023 - ENG Harry Kane
80%
1652012 - 2021SPAJavier Martinez
80%
1112019 - 2023FRABenjamin Pavard
78%
29 2023 - AUT Konrad Laimer
78%
2242001 - 2007,
2012 - 2015
PERClaudio Pizarro
78%
114 2019 - DEU Jamal Musiala
75%
38 2022 - MAR Noussair Mazraoui
73%
612015 - 2017, 2020 - 2021BRADouglas Costa
73%
16 2020 - SEN Bouna Sarr
70%
432017 - 2019KOLJames Rodriguez
70%
252022 - 2023SENSadio Mané
70%
15 2024 - ENG Eric Dier
68%
52 2022 - FRA Mathys Tel
68%
20 2023 - POR Raphael Guerreiro
68%
402021 - 2023AUTMarcel Sabitzer
68%
1142017 - 2022DEUNiklas Süle
68%
1792011 - 2019BRARafinha
68%
792014 - 2017SPAXabi Alonso
65%
19 2023 - DEU Aleksandar Pavlovic
63%
862012 - 2015BRADante
63%
222019 - 2020KROIvan Perisic
63%
1 2023 - ISR Daniel Peretz
58%
722017 - 2022FRACorentin Tolisso
58%
732013 - 2016DEUMario Götze
55%
352016 - 2017, 2018 - 2019PORRenato Sanches
55%
522012 - 2014SUIXherdan Shaqiri
55%
292014 - 2016MARMedhi Benatia
53%
232019 - 2020BRAPhilippe Coutinho
53%
282020 - 2023KROJosip Stanisic
50%
762014 - 2018SPAJuan Bernat
50%
42023NEDDaley Blind
48%
252022 - 2023NEDRyan Gravenberch
48%
102012 - 2018DEUTom Starke
48%
12020 - 2021DEUAlexander Nübel
45%
7 2024 - SPA Bryan Zaragoza
45%
2 2024 - FRA Sacha Boey
45%
192023SUIYann Sommer
43%
1192009 - 2017DEUHolger Badstuber
40%
382014 - 2016DEUSebastian Rode
40%
62021 - 2023DEUPaul Wanner
38%
32014 - 2015SPAJosé Manuel Reina
35%
22019 - 2020NZLSarpreet Singh
35%
32020SPAAlvaro Odriozola
33%
152023PORJoao Cancelo
33%
122019 - 2021, 2022 -NEDJoshua Zirkzee
33%
112019 - 2020, 2021FRAMichael Cuisance
33%
172012 - 2014DENPierre-Emile Höjbjerg
33%
12023DEUArijon Ibrahimovic
30%
52019 - 2021USAChris Richards
30%
152020 - 2022SPAMarc Roca
30%
122021 - 2022ENGOmar Richards
30%
12017 - 2018AUTMarco Friedl
28%
252007 - 2008, 2018 - 2019DEUSandro Wagner
25%
5 2023 - KRO Lovro Zvonarek
23%
42021 - 2022USAMalik Tillman
23%
32016DEUSerdar Tasci
23%
232020 - 2022FRATanguy Nianzou
23%
12021 - 2022DEUChristian Früchtl
20%
12014 - 2015DEUSinan Kurt
20%
12018 - 2019KORWoo-Yeong Jeong
20%
22017 - 2020GHAKwasi Okyere Wriedt
18%
162013 - 2015DEUMitchell Weiser
18%
42021 - 2022KROGabriel Vidovic
15%
252017 - 2018DEUSebastian Rudy
15%
42023 - 2024DEUFrans Krätzig
13%
22017 - 2018DEULars Lukas Mai
13%
12015 - 2016SRBMilos Pantovic
13%
12017 - 2018DEUNiklas Dorsch
13%
12019 - 2020DEUOliver Batista Meier
13%
22020 - 2021PORTiago Dantas
13%
82014 - 2015DEUGianluca Gaudino
10%
12021DEULucas Copado
10%
1 2023 - DEN Jonathan Asp Jensen
8%
22017 - 2018KAMFranck Evina
8%
22019 - 2021DEULeon Dajaku
8%
22017 - 2019DEUMeritan Shabani
8%
12014 - 2015DEULukas Görtler
5%
12014 - 2015DEURico Strieder
5%
1 2023 - SWE Matteo Vinlöf
3%
22020 - 2022DEUChristopher Scott
3%

Verteilung der Resultate

Perzentil nach korrekt beantworteten Fragen

Anzahl Personen mit jedem Resultat

Ihre Resultats-Entwicklung

Sie haben dieses Quiz seit der letzten Aktualisierung nicht gespielt